Self-Care and Compassion Fatigue in the Helping Professions
Starostlivosť o seba v pomáhajúcich profesiách - u sociálnych pracovníkov a policajtov. Potvrdenie súvislosti medzi starostlivosťou o seba a únavou zo súcitenia na výskumnej vzorke 104 respondentov. Čím viac sa pracovníci cítia vyčerpaní a unavení, tým viac vyhľadávajú pomoc v starostlivosti o samýc...
Uložené v:
| Hlavný autor: | |
|---|---|
| Ďalší autori: | |
| Médium: | Kapitola |
| Jazyk: | English |
| Predmet: | |
| Tagy: |
Žiadne tagy, Buďte prvý, kto otaguje tento záznam!
|
MARC
| LEADER | 00000nla a2200000 4500 | ||
|---|---|---|---|
| 001 | 0241165 | ||
| 005 | 20240513101512.5 | ||
| 041 | 0 | |a eng | |
| 044 | |a CZ | ||
| 245 | 1 | 0 | |a Self-Care and Compassion Fatigue in the Helping Professions |c Soňa Lovašová, Beáta Ráczová |
| 520 | |a Starostlivosť o seba v pomáhajúcich profesiách - u sociálnych pracovníkov a policajtov. Potvrdenie súvislosti medzi starostlivosťou o seba a únavou zo súcitenia na výskumnej vzorke 104 respondentov. Čím viac sa pracovníci cítia vyčerpaní a unavení, tým viac vyhľadávajú pomoc v starostlivosti o samých seba. | ||
| 610 | 2 | 0 | |a psychológia |
| 610 | 2 | 0 | |a únava |
| 610 | 2 | 0 | |a choroby z povolania |
| 610 | 2 | 0 | |a pracovníci sociálni |
| 610 | 2 | 0 | |a polícia |
| 610 | 2 | 0 | |a práca s ľuďmi |
| 610 | 2 | 0 | |a starostlivosť o zdravie |
| 610 | 2 | 0 | |a profesie pomáhajúce |
| 100 | 1 | |a Lovašová, Soňa | |
| 700 | 1 | |a Ráczová, Beáta | |